[Event "ODJM A 2024"]
[Site "Willingen GER"]
[Date "2024.05.19"]
[Round "2"]
[White "Kliashtornyi, Arkadii"]
[Black "Köhler, Lukas"]
[Result "1-0"]
[Termination "normal"]
[Board "5"]
[WhiteElo "1968"]
[BlackElo "2039"]
[WhiteClock "00:09:18"]
[BlackClock "00:00:33"]
[PlyCount "77"]
[WhiteFideId "34119698"]
[BlackFideId "16221990"]
[EventCountry "GER"]
[EventRounds "9"]
[EventType "swiss"]
[EventDate "2024.05.18"]

1. d4 {[%clk 01:30:57]} {[%emt 00:00:02]} Nf6 {[%clk 01:29:44]} {[%emt
00:01:16]} 2. c4 {[%clk 01:31:21]} {[%emt 00:00:07]} e6 {[%clk 01:14:46]}
{[%emt 00:15:28]} 3. Nc3 {[%clk 01:30:56]} {[%emt 00:00:55]} d5 {[%clk
01:14:43]} {[%emt 00:00:32]} 4. cxd5 {[%clk 01:31:20]} {[%emt 00:00:07]} exd5
{[%clk 01:15:08]} {[%emt 00:00:05]} 5. Bg5 {[%clk 01:31:46]} {[%emt 00:00:03]}
Bb4 {[%clk 01:12:43]} {[%emt 00:02:55]} 6. e3 {[%clk 01:31:28]} {[%emt
00:00:48]} h6 {[%clk 01:08:16]} {[%emt 00:04:58]} 7. Bh4 {[%clk 01:28:24]}
{[%emt 00:03:34]} c6 {[%clk 00:48:29]} {[%emt 00:20:16]} 8. Bd3 {[%clk
01:27:52]} {[%emt 00:01:02]} O-O {[%clk 00:46:49]} {[%emt 00:02:10]} 9. Qc2
{[%clk 01:26:28]} {[%emt 00:01:54]} Re8 {[%clk 00:46:12]} {[%emt 00:01:07]} 10.
Nf3 {[%clk 01:24:32]} {[%emt 00:02:26]} Nbd7 {[%clk 00:42:13]} {[%emt
00:04:29]} 11. O-O {[%clk 01:20:49]} {[%emt 00:04:13]} Be7 {[%clk 00:41:12]}
{[%emt 00:01:30]} 12. Bg3 {[%clk 01:12:03]} {[%emt 00:09:17]} Nf8 {[%clk
00:38:21]} {[%emt 00:03:21]} 13. h3 {[%clk 01:10:47]} {[%emt 00:01:45]} Bd6
{[%clk 00:27:52]} {[%emt 00:10:59]} 14. Ne5 {[%clk 01:03:32]} {[%emt 00:07:46]}
Nh5 {[%clk 00:24:16]} {[%emt 00:04:05]} 15. Bh2 {[%clk 01:01:35]} {[%emt
00:02:27]} g6 {[%clk 00:24:38]} {[%emt 00:00:08]} 16. f4 {[%clk 00:54:40]}
{[%emt 00:07:25]} Ng7 {[%clk 00:24:48]} {[%emt 00:00:19]} 17. Rf3 {[%clk
00:49:34]} {[%emt 00:05:36]} Bf5 {[%clk 00:23:59]} {[%emt 00:01:20]} 18. g4
{[%clk 00:46:39]} {[%emt 00:03:24]} Bxd3 {[%clk 00:24:15]} {[%emt 00:00:14]}
19. Qxd3 {[%clk 00:45:58]} {[%emt 00:01:11]} f5 {[%clk 00:10:42]} {[%emt
00:14:02]} 20. gxf5 {[%clk 00:38:09]} {[%emt 00:08:20]} Bxe5 {[%clk 00:08:17]}
{[%emt 00:02:56]} 21. fxe5 {[%clk 00:35:29]} {[%emt 00:03:10]} Nxf5 {[%clk
00:08:45]} {[%emt 00:00:02]} 22. Kh1 {[%clk 00:28:55]} {[%emt 00:09:14]} Re6
{[%clk 00:02:51]} {[%emt 00:04:14]} 23. Rg1 {[%clk 00:28:19]} {[%emt 00:01:05]}
Kh8 {[%clk 00:03:08]} {[%emt 00:00:12]} 24. Ne2 {[%clk 00:25:03]} {[%emt
00:03:47]} Nh4 {[%clk 00:02:12]} {[%emt 00:01:26]} 25. Rfg3 {[%clk 00:24:21]}
{[%emt 00:01:11]} g5 {[%clk 00:02:04]} {[%emt 00:00:39]} 26. Nf4 {[%emt
00:03:13]} Re8 {[%emt 00:00:01]} 27. Nh5 {[%clk 00:19:46]} {[%emt 00:02:22]}
Nh7 {[%clk 00:02:51]} {[%emt 00:00:12]} 28. Rg4 {[%clk 00:17:20]} {[%emt
00:02:55]} Nf3 {[%clk 00:01:26]} {[%emt 00:01:56]} 29. Rf1 {[%clk 00:16:01]}
{[%emt 00:01:49]} Nxh2 {[%clk 00:00:43]} {[%emt 00:01:14]} 30. Rf7 {[%clk
00:12:53]} {[%emt 00:03:38]} Nf8 {[%clk 00:01:12]} 31. Kxh2 {[%clk 00:12:26]}
{[%emt 00:00:57]} Re7 {[%clk 00:01:03]} {[%emt 00:00:40]} 32. Qf5 {[%clk
00:12:01]} {[%emt 00:00:54]} Rxf7 {[%clk 00:00:33]} {[%emt 00:01:00]} 33. Qxf7
{[%clk 00:12:24]} {[%emt 00:00:08]} Qd7 {[%clk 00:00:53]} {[%emt 00:00:09]} 34.
Qf6+ {[%clk 00:12:18]} {[%emt 00:00:35]} Kh7 {[%clk 00:01:13]} {[%emt
00:00:09]} 35. h4 {[%clk 00:10:31]} {[%emt 00:02:20]} Ng6 {[%clk 00:01:06]}
{[%emt 00:00:37]} 36. hxg5 {[%clk 00:10:00]} {[%emt 00:04:58]} Rg8 {[%clk
00:00:33]} 37. Qf3 {[%clk 00:08:48]} Rf8 {[%clk 00:00:34]} {[%emt 00:00:04]}
38. Qxf8 {[%clk 00:08:52]} {[%emt 00:00:04]} Nxf8 {[%clk 00:00:33]} {[%emt
00:00:05]} 39. Nf6+ {[%clk 00:09:18]} {[%emt 00:00:05]} 1-0

[Event "ODJM A 2024"]
[Site "Willingen GER"]
[Date "2024.05.19"]
[Round "2"]
[White "Kamp, Adrian"]
[Black "Zobel, Christian"]
[Result "1/2-1/2"]
[Termination "normal"]
[Board "6"]
[WhiteElo "2098"]
[BlackElo "2013"]
[WhiteClock "00:35:44"]
[BlackClock "00:32:19"]
[PlyCount "50"]
[WhiteFideId "16222466"]
[BlackFideId "16259068"]
[EventCountry "GER"]
[EventRounds "9"]
[EventType "swiss"]
[EventDate "2024.05.18"]

1. c4 {[%clk 01:30:46]} {[%emt 00:00:13]} c5 {[%clk 01:30:17]} {[%emt
00:00:44]} 2. Nc3 {[%clk 01:30:46]} {[%emt 00:00:30]} g6 {[%clk 01:29:44]}
{[%emt 00:01:03]} 3. g3 {[%clk 01:30:18]} {[%emt 00:00:58]} Bg7 {[%clk
01:29:57]} {[%emt 00:00:17]} 4. Bg2 {[%clk 01:30:39]} {[%emt 00:00:09]} Nc6
{[%clk 01:30:18]} {[%emt 00:00:10]} 5. d3 {[%clk 01:30:27]} {[%emt 00:00:42]}
e5 {[%clk 01:29:07]} {[%emt 00:01:40]} 6. Nf3 {[%clk 01:29:53]} {[%emt
00:01:05]} Nge7 {[%clk 01:28:50]} {[%emt 00:00:46]} 7. O-O {[%clk 01:29:52]}
{[%emt 00:00:32]} O-O {[%clk 01:27:41]} {[%emt 00:01:39]} 8. Ne1 {[%clk
01:29:19]} {[%emt 00:01:03]} d6 {[%clk 01:24:52]} {[%emt 00:03:19]} 9. Nc2
{[%clk 01:29:26]} {[%emt 00:00:22]} Be6 {[%clk 01:23:04]} {[%emt 00:02:19]} 10.
Ne3 {[%clk 01:29:00]} {[%emt 00:00:57]} Qd7 {[%clk 01:19:32]} {[%emt 00:04:02]}
11. Re1 {[%clk 01:18:21]} {[%emt 00:11:09]} Bh3 {[%clk 01:15:33]} {[%emt
00:04:28]} 12. Bh1 {[%clk 01:18:18]} {[%emt 00:00:33]} f5 {[%clk 01:14:48]}
{[%emt 00:01:15]} 13. Ned5 {[%clk 01:17:34]} {[%emt 00:01:15]} f4 {[%clk
01:13:27]} {[%emt 00:01:51]} 14. e3 {[%clk 01:14:06]} {[%emt 00:03:58]} fxg3
{[%clk 01:05:18]} {[%emt 00:08:39]} 15. hxg3 {[%clk 01:11:32]} {[%emt
00:03:04]} h5 {[%clk 01:00:54]} {[%emt 00:04:53]} 16. Nxe7+ {[%clk 01:04:07]}
{[%emt 00:07:56]} Nxe7 {[%clk 00:59:59]} {[%emt 00:01:25]} 17. Ne4 {[%clk
01:03:19]} {[%emt 00:01:18]} h4 {[%clk 00:55:41]} {[%emt 00:04:48]} 18. Qe2
{[%clk 00:56:23]} {[%emt 00:07:26]} Bh6 {[%clk 00:48:42]} {[%emt 00:07:29]} 19.
Bg2 {[%clk 00:50:06]} {[%emt 00:06:47]} hxg3 {[%clk 00:45:20]} {[%emt
00:03:52]} 20. Nxg3 {[%clk 00:49:07]} {[%emt 00:01:28]} Kg7 {[%clk 00:40:34]}
{[%emt 00:05:16]} 21. Bxh3 {[%clk 00:43:21]} {[%emt 00:06:16]} Qxh3 {[%clk
00:41:00]} {[%emt 00:00:03]} 22. Qf1 {[%clk 00:43:35]} {[%emt 00:00:16]} Qd7
{[%clk 00:36:15]} {[%emt 00:05:16]} 23. Qg2 {[%clk 00:41:34]} {[%emt 00:02:31]}
Nf5 {[%clk 00:33:43]} {[%emt 00:03:02]} 24. Nxf5+ {[%clk 00:35:29]} {[%emt
00:06:35]} Rxf5 {[%clk 00:33:39]} {[%emt 00:00:35]} 25. e4 {[%clk 00:35:44]}
{[%emt 00:00:15]} Rh5 {[%clk 00:32:19]} {[%emt 00:01:49]} 1/2-1/2

[Event "ODJM A 2024"]
[Site "Willingen GER"]
[Date "2024.05.19"]
[Round "2"]
[White "Mehner, Lorenz"]
[Black "Langner, Jasper"]
[Result "0-1"]
[Termination "normal"]
[Board "7"]
[WhiteElo "1799"]
[BlackElo "1999"]
[WhiteClock "00:01:10"]
[BlackClock "00:01:37"]
[PlyCount "165"]
[WhiteFideId "16293096"]
[BlackFideId "16202554"]
[EventCountry "GER"]
[EventRounds "9"]
[EventType "swiss"]
[EventDate "2024.05.18"]

1. d4 {[%clk 01:30:57]} {[%emt 00:00:02]} d5 {[%clk 01:30:42]} {[%emt
00:00:16]} 2. c4 {[%clk 01:31:22]} {[%emt 00:00:08]} e6 {[%clk 01:30:54]}
{[%emt 00:00:15]} 3. Nc3 {[%clk 01:31:49]} {[%emt 00:00:06]} Nf6 {[%clk
01:31:06]} {[%emt 00:00:12]} 4. cxd5 {[%clk 01:32:01]} {[%emt 00:00:24]} exd5
{[%clk 01:31:18]} {[%emt 00:00:16]} 5. Bg5 {[%clk 01:32:26]} {[%emt 00:00:07]}
Bb4 {[%clk 01:31:14]} {[%emt 00:00:33]} 6. e3 {[%clk 01:29:55]} {[%emt
00:03:02]} h6 {[%clk 01:31:15]} {[%emt 00:00:28]} 7. Bh4 {[%clk 01:29:00]}
{[%emt 00:01:26]} g5 {[%clk 01:30:57]} {[%emt 00:00:47]} 8. Bg3 {[%clk
01:29:07]} {[%emt 00:00:24]} Ne4 {[%clk 01:31:22]} {[%emt 00:00:05]} 9. Qc2
{[%clk 01:27:45]} {[%emt 00:01:53]} h5 {[%clk 01:30:36]} {[%emt 00:01:15]} 10.
f3 {[%clk 01:22:16]} {[%emt 00:06:00]} Nxg3 {[%clk 01:30:35]} {[%emt 00:00:31]}
11. hxg3 {[%clk 01:22:36]} {[%emt 00:00:11]} Nc6 {[%clk 01:30:52]} {[%emt
00:00:12]} 12. O-O-O {[%clk 01:17:17]} {[%emt 00:05:50]} Bxc3 {[%clk 01:16:53]}
{[%emt 00:14:29]} 13. Qxc3 {[%clk 01:16:44]} {[%emt 00:01:03]} Qd6 {[%clk
01:16:49]} {[%emt 00:00:32]} 14. g4 {[%clk 01:14:03]} {[%emt 00:03:12]} h4
{[%clk 01:17:01]} {[%emt 00:00:18]} 15. Kb1 {[%clk 01:05:57]} {[%emt 00:08:37]}
Bd7 {[%clk 01:14:43]} {[%emt 00:02:43]} 16. Bd3 {[%clk 01:00:14]} {[%emt
00:06:18]} O-O-O {[%clk 01:12:22]} {[%emt 00:02:50]} 17. Nh3 {[%clk 00:52:34]}
{[%emt 00:08:11]} Rhg8 {[%clk 01:08:57]} {[%emt 00:03:54]} 18. Rhe1 {[%clk
00:47:20]} {[%emt 00:05:45]} Ne7 {[%clk 01:04:45]} {[%emt 00:04:41]} 19. Rd2
{[%clk 00:38:53]} {[%emt 00:08:58]} Kb8 {[%clk 00:59:55]} {[%emt 00:05:19]} 20.
Bc2 {[%clk 00:32:14]} {[%emt 00:07:09]} Rdf8 {[%clk 00:48:31]} {[%emt
00:11:54]} 21. Nf2 {[%clk 00:30:21]} {[%emt 00:02:24]} f5 {[%clk 00:43:00]}
{[%emt 00:05:59]} 22. gxf5 {[%clk 00:29:25]} {[%emt 00:01:28]} Bxf5 {[%clk
00:41:18]} {[%emt 00:02:12]} 23. e4 {[%clk 00:25:40]} {[%emt 00:04:15]} dxe4
{[%clk 00:40:06]} {[%emt 00:01:41]} 24. fxe4 {[%clk 00:25:32]} {[%emt
00:00:40]} Bc8 {[%clk 00:38:11]} {[%emt 00:02:25]} 25. e5 {[%clk 00:15:55]}
{[%emt 00:10:08]} Qb6 {[%clk 00:36:27]} {[%emt 00:02:12]} 26. Ne4 {[%clk
00:14:15]} {[%emt 00:02:10]} Nd5 {[%clk 00:34:35]} {[%emt 00:02:22]} 27. Qb3
{[%clk 00:12:49]} {[%emt 00:01:57]} Nb4 {[%clk 00:25:15]} {[%emt 00:09:50]} 28.
Nf6 {[%clk 00:11:14]} {[%emt 00:02:05]} Rh8 {[%clk 00:23:45]} {[%emt 00:01:59]}
29. Be4 {[%clk 00:06:38]} {[%emt 00:05:07]} g4 {[%clk 00:18:18]} {[%emt
00:05:56]} 30. a3 {[%clk 00:03:00]} {[%emt 00:04:07]} Nc6 {[%clk 00:18:29]}
{[%emt 00:00:20]} 31. Qxb6 {[%clk 00:03:03]} {[%emt 00:00:27]} axb6 {[%clk
00:18:56]} {[%emt 00:00:03]} 32. Bc2 {[%clk 00:01:11]} {[%emt 00:02:22]} h3
{[%clk 00:18:08]} {[%emt 00:01:18]} 33. gxh3 {[%clk 00:01:27]} {[%emt
00:00:14]} gxh3 {[%clk 00:18:34]} {[%emt 00:00:04]} 34. d5 {[%clk 00:01:21]}
{[%emt 00:00:36]} Nxe5 {[%clk 00:15:16]} {[%emt 00:03:48]} 35. Rxe5 {[%clk
00:00:40]} {[%emt 00:01:10]} Rxf6 {[%clk 00:15:35]} {[%emt 00:00:12]} 36. Re1
{[%clk 00:00:33]} {[%emt 00:00:37]} Rf4 {[%clk 00:11:54]} {[%emt 00:04:11]} 37.
Rh1 {[%clk 00:00:32]} {[%emt 00:00:52]} Bg4 {[%clk 00:11:30]} {[%emt 00:04:05]}
38. Bd1 {[%clk 00:00:36]} Bf5+ {[%clk 00:11:38]} 39. Bc2 {[%clk 00:01:02]} Bd7
{[%clk 00:09:21]} {[%emt 00:00:10]} 40. Kc1 {[%clk 00:01:15]} {[%emt 00:00:15]}
Kc8 {[%clk 00:08:06]} {[%emt 00:01:43]} 41. Bd3 {[%clk 00:28:38]} {[%emt
00:03:08]} Kd8 {[%clk 00:34:24]} {[%emt 00:04:11]} 42. Re2 {[%clk 00:23:50]}
{[%emt 00:05:20]} Bg4 {[%clk 00:27:34]} {[%emt 00:07:19]} 43. Reh2 {[%clk
00:20:35]} {[%emt 00:03:46]} Rd4 {[%clk 00:23:50]} {[%emt 00:04:13]} 44. Be2
{[%clk 00:19:39]} {[%emt 00:01:27]} Bxe2 {[%clk 00:18:30]} {[%emt 00:05:50]}
45. Rxe2 {[%clk 00:19:56]} {[%emt 00:00:12]} Rxd5 {[%clk 00:18:53]} {[%emt
00:00:06]} 46. Re3 {[%clk 00:20:09]} {[%emt 00:00:17]} Rdh5 {[%clk 00:18:11]}
{[%emt 00:03:51]} 47. Kc2 {[%clk 00:17:52]} {[%emt 00:00:27]} b5 {[%clk
00:15:54]} {[%emt 00:02:29]} 48. Kc3 {[%clk 00:17:15]} {[%emt 00:01:07]} Rh4
{[%clk 00:15:19]} {[%emt 00:01:04]} 49. Rh2 {[%clk 00:16:30]} {[%emt 00:01:15]}
Kc8 {[%clk 00:14:37]} {[%emt 00:01:11]} 50. Rd3 {[%clk 00:15:47]} {[%emt
00:01:15]} R8h6 {[%clk 00:13:42]} {[%emt 00:01:20]} 51. Re3 {[%clk 00:14:12]}
{[%emt 00:02:10]} Kd7 {[%clk 00:12:37]} {[%emt 00:01:25]} 52. Kb3 {[%clk
00:12:18]} {[%emt 00:02:34]} c5 {[%clk 00:12:12]} {[%emt 00:00:55]} 53. Kc3
{[%clk 00:12:26]} {[%emt 00:00:23]} Kd6 {[%clk 00:11:56]} {[%emt 00:00:43]} 54.
Rd2+ {[%clk 00:11:11]} {[%emt 00:01:46]} Kc6 {[%clk 00:11:42]} {[%emt
00:00:43]} 55. Rh2 {[%clk 00:11:12]} {[%emt 00:00:31]} Kb6 {[%clk 00:11:25]}
{[%emt 00:00:47]} 56. Rf3 {[%clk 00:09:04]} {[%emt 00:02:37]} Ka5 {[%clk
00:11:09]} {[%emt 00:00:45]} 57. Re3 {[%clk 00:08:08]} {[%emt 00:01:27]} Ka4
{[%clk 00:10:13]} {[%emt 00:01:27]} 58. b3+ {[%clk 00:07:17]} {[%emt 00:01:21]}
Ka5 {[%clk 00:07:41]} {[%emt 00:03:02]} 59. Rf3 {[%clk 00:06:06]} {[%emt
00:05:23]} Kb6 {[%clk 00:06:42]} 60. Re3 {[%clk 00:04:26]} {[%emt 00:00:03]}
Kc6 {[%clk 00:07:05]} 61. Rf3 {[%clk 00:04:12]} {[%emt 00:00:44]} Kd5 {[%clk
00:07:00]} {[%emt 00:00:33]} 62. Re3 {[%clk 00:04:16]} {[%emt 00:00:29]} Rh8
{[%clk 00:03:48]} {[%emt 00:03:40]} 63. Rd2+ {[%clk 00:04:21]} {[%emt
00:00:26]} Kc6 {[%clk 00:04:16]} {[%emt 00:00:01]} 64. Rh2 {[%clk 00:02:24]}
{[%emt 00:02:27]} R4h6 {[%clk 00:04:40]} {[%emt 00:00:06]} 65. Rg3 {[%clk
00:01:41]} {[%emt 00:01:13]} Kc7 {[%clk 00:04:51]} {[%emt 00:00:18]} 66. Rf3
{[%clk 00:01:44]} {[%emt 00:00:28]} Ra8 {[%clk 00:04:06]} {[%emt 00:01:15]} 67.
Kb2 {[%clk 00:01:31]} {[%emt 00:00:43]} Rah8 {[%clk 00:03:27]} {[%emt
00:01:09]} 68. Kc3 {[%emt 00:00:11]} Rh4 {[%clk 00:03:14]} {[%emt 00:00:40]}
69. Rg3 {[%clk 00:01:28]} {[%emt 00:00:55]} R8h5 {[%clk 00:01:23]} {[%emt
00:02:21]} 70. Rf3 {[%clk 00:01:22]} {[%emt 00:00:36]} Kd6 {[%clk 00:01:39]}
{[%emt 00:00:14]} 71. Re3 {[%clk 00:01:34]} {[%emt 00:00:19]} Kc6 {[%clk
00:00:35]} {[%emt 00:01:32]} 72. Rg3 {[%clk 00:01:21]} {[%emt 00:00:45]} Rh6
{[%clk 00:00:50]} {[%emt 00:00:15]} 73. Rf3 {[%clk 00:01:34]} {[%emt 00:00:17]}
Kb6 {[%clk 00:00:37]} {[%emt 00:00:43]} 74. Rg3 {[%clk 00:01:38]} {[%emt
00:00:26]} Ka5 {[%clk 00:00:37]} {[%emt 00:00:27]} 75. Rf3 {[%clk 00:01:21]}
{[%emt 00:00:51]} b4+ {[%clk 00:00:41]} {[%emt 00:00:26]} 76. axb4+ {[%clk
00:01:21]} {[%emt 00:00:30]} cxb4+ {[%clk 00:00:36]} {[%emt 00:00:35]} 77. Kb2
{[%clk 00:01:10]} {[%emt 00:00:41]} R6h5 {[%clk 00:00:47]} {[%emt 00:00:18]}
78. Re3 {[%clk 00:01:21]} {[%emt 00:00:19]} Kb5 {[%clk 00:01:00]} {[%emt
00:00:17]} 79. Rd3 {[%clk 00:01:34]} {[%emt 00:00:18]} Kc6 {[%clk 00:01:07]}
{[%emt 00:00:23]} 80. Rc2+ {[%clk 00:00:37]} {[%emt 00:01:27]} Rc5 {[%clk
00:01:04]} {[%emt 00:00:33]} 81. Rh2 {[%clk 00:00:43]} {[%emt 00:00:23]} Rc3
{[%clk 00:01:08]} {[%emt 00:00:27]} 82. Rxc3+ {[%clk 00:00:47]} {[%emt
00:00:26]} bxc3+ {[%clk 00:01:37]} {[%emt 00:00:01]} 83. Kxc3 {[%clk 00:01:10]}
{[%emt 00:00:07]} *

[Event "ODJM A 2024"]
[Site "Willingen GER"]
[Date "2024.05.19"]
[Round "2"]
[White "Brockhoff, Moritz"]
[Black "Gröschel, Karoline"]
[Result "1/2-1/2"]
[Termination "normal"]
[Board "8"]
[WhiteElo "2013"]
[BlackElo "1952"]
[WhiteClock "00:56:56"]
[BlackClock "00:28:12"]
[PlyCount "85"]
[WhiteFideId "16214927"]
[BlackFideId "34610537"]
[EventCountry "GER"]
[EventRounds "9"]
[EventType "swiss"]
[EventDate "2024.05.18"]

1. e4 {[%clk 01:30:58]} {[%emt 00:00:01]} c5 {[%clk 01:30:54]} {[%emt
00:00:06]} 2. Nf3 {[%clk 01:31:24]} {[%emt 00:00:04]} d6 {[%clk 01:31:12]}
{[%emt 00:00:12]} 3. d4 {[%clk 01:31:49]} {[%emt 00:00:04]} cxd4 {[%clk
01:31:39]} {[%emt 00:00:04]} 4. Nxd4 {[%clk 01:32:16]} {[%emt 00:00:03]} Nf6
{[%clk 01:32:03]} {[%emt 00:00:05]} 5. Nc3 {[%clk 01:32:42]} {[%emt 00:00:04]}
Nc6 {[%clk 01:32:26]} {[%emt 00:00:08]} 6. f3 {[%clk 01:30:53]} {[%emt
00:02:18]} e5 {[%clk 01:31:46]} {[%emt 00:01:11]} 7. Nb3 {[%clk 01:31:05]}
{[%emt 00:00:18]} Be6 {[%clk 01:32:11]} {[%emt 00:00:05]} 8. Be3 {[%clk
01:31:24]} {[%emt 00:00:11]} d5 {[%clk 01:31:46]} {[%emt 00:00:55]} 9. exd5
{[%clk 01:31:22]} {[%emt 00:00:31]} Nxd5 {[%clk 01:32:09]} {[%emt 00:00:07]}
10. Nxd5 {[%clk 01:31:10]} {[%emt 00:00:42]} Qxd5 {[%clk 01:32:27]} {[%emt
00:00:12]} 11. Qxd5 {[%clk 01:30:24]} {[%emt 00:01:16]} Bxd5 {[%clk 01:32:52]}
{[%emt 00:00:06]} 12. O-O-O {[%clk 01:30:46]} {[%emt 00:00:08]} O-O-O {[%clk
01:33:04]} {[%emt 00:00:18]} 13. c4 {[%clk 01:27:36]} {[%emt 00:03:40]} Be6
{[%clk 01:29:23]} {[%emt 00:04:10]} 14. Rxd8+ {[%clk 01:27:57]} {[%emt
00:00:09]} Kxd8 {[%clk 01:28:22]} {[%emt 00:01:32]} 15. Nc5 {[%clk 01:27:42]}
{[%emt 00:00:45]} Bc8 {[%clk 01:25:21]} {[%emt 00:03:30]} 16. Bd3 {[%clk
01:27:44]} {[%emt 00:00:27]} Kc7 {[%clk 01:24:25]} {[%emt 00:01:27]} 17. Na4
{[%clk 01:25:01]} {[%emt 00:03:13]} Be6 {[%clk 01:14:20]} {[%emt 00:10:35]} 18.
Nc3 {[%clk 01:21:02]} {[%emt 00:04:29]} g6 {[%clk 01:00:49]} {[%emt 00:14:01]}
19. Nd5+ {[%clk 01:17:50]} {[%emt 00:03:42]} Kb8 {[%clk 00:54:56]} {[%emt
00:06:23]} 20. Bg5 {[%clk 01:15:11]} {[%emt 00:03:09]} Bg7 {[%clk 00:54:19]}
{[%emt 00:01:07]} 21. a3 {[%clk 01:08:28]} {[%emt 00:07:14]} Na5 {[%clk
00:48:56]} {[%emt 00:05:52]} 22. Be7 {[%clk 01:06:13]} {[%emt 00:02:45]} b6
{[%clk 00:40:48]} {[%emt 00:08:39]} 23. Kb1 {[%clk 00:56:31]} {[%emt 00:10:12]}
b5 {[%clk 00:26:22]} {[%emt 00:14:55]} 24. Bd6+ {[%clk 00:40:35]} {[%emt
00:16:26]} Kc8 {[%clk 00:20:51]} {[%emt 00:06:01]} 25. Ne7+ {[%clk 00:37:48]}
{[%emt 00:03:17]} Kd7 {[%clk 00:18:26]} {[%emt 00:02:56]} 26. c5 {[%clk
00:35:13]} {[%emt 00:03:04]} Bc4 {[%clk 00:14:35]} {[%emt 00:04:22]} 27. Rd1
{[%clk 00:35:01]} {[%emt 00:00:43]} Ke6 {[%clk 00:13:04]} {[%emt 00:02:00]} 28.
Be4 {[%clk 00:32:48]} {[%emt 00:07:15]} Rd8 {[%clk 00:07:27]} {[%emt 00:01:35]}
29. b4 {[%clk 00:29:55]} {[%emt 00:03:22]} f5 {[%clk 00:04:43]} {[%emt
00:03:14]} 30. Bd5+ {[%clk 00:29:04]} {[%emt 00:01:22]} Bxd5 {[%clk 00:05:07]}
{[%emt 00:00:06]} 31. Nxd5 {[%clk 00:29:30]} {[%emt 00:00:03]} Nc4 {[%clk
00:04:16]} {[%emt 00:01:21]} 32. Nc7+ {[%clk 00:29:52]} {[%emt 00:00:08]} Kf7
{[%clk 00:04:31]} {[%emt 00:00:15]} 33. Nxb5 {[%clk 00:29:43]} {[%emt
00:00:40]} a6 {[%clk 00:03:46]} {[%emt 00:01:15]} 34. Nc7 {[%clk 00:28:07]}
{[%emt 00:02:05]} Nxa3+ {[%clk 00:03:07]} {[%emt 00:01:09]} 35. Ka2 {[%clk
00:28:33]} {[%emt 00:00:04]} Nb5 {[%clk 00:03:14]} {[%emt 00:00:22]} 36. Nxb5
{[%clk 00:27:53]} {[%emt 00:01:09]} axb5 {[%clk 00:03:39]} {[%emt 00:00:06]}
37. Kb3 {[%clk 00:27:58]} {[%emt 00:00:25]} Bf8 {[%clk 00:02:22]} {[%emt
00:01:47]} 38. Rd5 {[%clk 00:26:31]} {[%emt 00:01:57]} Bxd6 {[%clk 00:02:26]}
{[%emt 00:00:26]} 39. cxd6 {[%clk 00:26:55]} {[%emt 00:00:07]} Ke6 {[%clk
00:01:45]} {[%emt 00:01:11]} 40. Rxb5 {[%clk 00:27:21]} {[%emt 00:00:04]} Rxd6
{[%clk 00:01:55]} {[%emt 00:00:20]} 41. Kc3 {[%clk 00:26:53]} {[%emt 00:00:58]}
e4 {[%clk 00:27:59]} {[%emt 00:04:25]} 42. fxe4 {[%clk 00:56:35]} {[%emt
00:00:48]} fxe4 {[%clk 00:28:12]} {[%emt 00:00:18]} 43. Rb8 {[%clk 00:56:56]}
{[%emt 00:00:08]} 1/2-1/2